000 00301nam a2200133Ia 4500
008 210210b1951 xxu||||| |||| 00| 0 eng d
082 _a150/154
100 _aFINK, D H.
245 _aBe your real self
260 _a
_bNot Mentioned
_c1951
650 _aSelf
690 _aPsychology
906 _a001103
999 _c77619
_d77619